Technologický projekt zavádzania obrábacích centier rady WFQ pri opracovávaní skriňových dielcov : Diplomová práca

Salvato in:
Dettagli Bibliografici
Autore principale: Ivaška, Jaroslav (Autore)
Altri autori: Trizna, Jaroslav (xxx)
Natura: Manoscritto Libro
Lingua:slovacco
Pubblicazione: Trnava : STU v Bratislave MtF KOOS , 1994
Soggetti:
Tags: Aggiungi Tag
Nessun Tag, puoi essere il primo ad aggiungerne!!

MARC

LEADER 00000ntm a22000003a 4500
001 stu89496
005 20160719154715.2
008 040806s1994----xo------------------slo-d
040 |a STU  |b slo 
041 0 |a slo 
044 |a xo 
100 1 |a Ivaška, Jaroslav  |4 aut 
245 1 |a Technologický projekt zavádzania obrábacích centier rady WFQ pri opracovávaní skriňových dielcov :  |b Diplomová práca 
260 |a Trnava :  |b STU v Bratislave MtF KOOS ,  |c 1994 
300 |a 48 s  |c príl 
650 7 |a strojárska technológia-ARTP  |2 stusub 
700 1 |a Trizna, Jaroslav  |4 xxx 
996 |b 284M060140  |c M*DP-2371  |l MMSKP  |s P  |a 0  |w stu89496_0001